MDQL
is popping MORE tags! Check the
thread
!
Quizzes
Events
Quiz Creation
Community
Videos
Private Events
Remove Ads
Sign In
Join for FREE
Feedback
Dark Mode
Quiz Categories
Sports
Geography
Music
Movies
Television
Just For Fun
Miscellaneous
History
Literature
Language
Science
Gaming
Entertainment
Religion
Holiday
For Kids
Quiz Lab
Recent
Popular Today
Quiz Kudos Today
Editor Picks
Curator Picks
Quizzes by...
Day
Popularity
Type
Ratings
Length
Year
Community
Subscriptions
Recent Discussions
Orange Saloon
Badges
Playlists
Quests
Create
Leaderboards
Showdown
Live 5
Trivia Bingo
Activity
Puzzle Library
Sporcle Events
Private Events
Virtual Trivia
Globe League
Become a Host
Pub Owners
SporcleCon
Opinionation
Our Games
Videos
Blog
Mobile Apps
Partnerships
Remove Ads and Go Orange
Feedback
Sports
Athletes
MLB
NBA
NHL
NFL
Soccer
Sports Teams
WWE
NCAA
Football
Premier League
Basketball
Baseball
Hockey
Golf
Tennis
Cricket
Rugby
Auto Racing
Olympics
World Cup
Sports
Athletes
MLB
NBA
NHL
NFL
Soccer
Sports Teams
WWE
NCAA
Football
Premier League
Basketball
Baseball
Hockey
Golf
Tennis
Cricket
Rugby
Auto Racing
Olympics
World Cup
Random Quiz
Search Sporcle
×
Quiz Lab
Quiz Lab
Sports
Baseball
Type in answers that appear in a list
Type in answers that appear in a list
Classic
Best Score? Go Orange.
Top 100 Players according to MLB.com Stats
Can you name the MLB.com Rankings in 2013 according to MLB.com?
By
hypercompetitive
10m
100 Questions
180 Plays
180 Plays
180 Plays
Comments
Comments
Give Quiz Kudos
Give Quiz Kudos
-
- Ratings
hide this ad
Replay
Link that replays current quiz
Next Quiz
Link to next quiz in quiz playlist
You Got
0%
They Got
Avg Score
70%
Avg Friend Score
Upgrade to see
Score Distribution
Jump to the score distribution portion of the page
Score
0/100
Timer
10:00
0
Plays Today
Team
Player
% Correct
DET
Miguel Cabrera
97.8%
CLE
Asdrubal Cabrera
97.8%
LAA
Mike Trout
97.2%
LAA
Albert Pujols
97.2%
CIN
Joey Votto
97.2%
MIL
Ryan Braun
96.7%
COL
Carlos Gonzalez
96.1%
LAD
Adrian Gonzalez
96.1%
WAS
Gio Gonzalez
96.1%
PIT
Andrew McCutchen
95.6%
TOR
Jose Bautista
95.6%
LAD
Matt Kemp
94.4%
DET
Prince Fielder
94.4%
NYM
David Wright
93.3%
DET
Justin Verlander
93.3%
NYY
Robinson Cano
92.8%
LAA
Josh Hamilton
92.8%
WAS
Bryce Harper
92.8%
COL
Troy Tulowitzki
91.7%
MIA
Giancarlo Stanton
91.1%
ATL
Justin Upton
91.1%
ATL
B.J. Upton
91.1%
BAL
Adam Jones
90.6%
TEX
Adrian Beltre
90%
LAD
Clayton Kershaw
90%
SF
Buster Posey
89.4%
WAS
Ryan Zimmerman
89.4%
BOS
Dustin Pedroia
87.8%
TOR
Jose Reyes
87.2%
WAS
Stephen Strasburg
87.2%
CIN
Brandon Phillips
87.2%
PHI
Cliff Lee
86.7%
TAM
Evan Longoria
85%
ATL
Jason Heyward
84.4%
Team
Player
% Correct
TAM
David Price
83.9%
SF
Matt Cain
83.9%
TOR
Edwin Encarnacion
82.8%
SEA
Felix Hernandez
82.2%
STL
Matt Holliday
81.1%
BOS
Jacoby Ellsbury
79.4%
CIN
Jay Bruce
78.9%
PHI
Cole Hamels
78.3%
TEX
Ian Kinsler
77.8%
STL
Adam Wainwright
76.1%
LAA
Jered Weaver
75.6%
NYY
C.C. Sabathia
75.6%
CHC
Starlin Castro
73.9%
STL
Yadier Molina
73.9%
DET
Max Scherzer
73.3%
OAK
Yoenis Cespedes
72.2%
TOR
R.A. Dickey
71.7%
MIL
Aramis Ramirez
71.7%
NYY
Curtis Granderson
70%
SF
Pablo Sandoval
70%
KCR
Billy Butler
69.4%
TAM
Ben Zobrist
69.4%
ATL
Craig Kimbrel
68.3%
KCR
James Shields
68.3%
MIN
Joe Mauer
67.8%
PHI
Jimmy Rollins
67.8%
LAD
Zach Greinke
67.2%
ATL
Freddie Freeman
66.7%
CHW
Chris Sale
65.6%
TEX
Yu Darvish
65.6%
CIN
Shin-Soo Choo
64.4%
WAS
Ian Desmond
63.9%
SF
Madison Bumgarner
62.8%
DET
Austin Jackson
62.8%
Team
Player
% Correct
CIN
Aroldis Chapman
61.7%
TEX
Elvis Andrus
60%
CIN
Johnny Cueto
58.3%
CLE
Carlos Santana
57.8%
DET
Victor Martinez
55%
STL
Allen Craig
53.9%
WAS
Rafael Soriano
53.9%
CLE
Michael Bourn
52.2%
CLE
Jason Kipnis
51.7%
AZ
Ian Kennedy
50.6%
AZ
Aaron Hill
50%
BAL
Matt Wieters
49.4%
PHI
Jonathan Papelbon
48.9%
CHW
Alex Rios
48.9%
WAS
Jordan Zimmermann
48.9%
SD
Chase Headley
47.2%
HOU
Jose Altuve
46.7%
TAM
Matt Moore
46.1%
SF
Hunter Pence
46.1%
AZ
Paul Goldschmidt
44.4%
CIN
Matt Latos
44.4%
MIL
Yovani Gallardo
44.4%
BOS
Mike Napoli
42.8%
AZ
Miguel Montero
40.6%
TOR
Brett Lawrie
39.4%
AZ
Martin Prado
39.4%
DET
Doug Fister
37.8%
CHW
Jake Peavy
37.2%
TAM
Fernando Rodney
35.6%
ATL
Kris Medlen
34.4%
TAM
Desmond Jennings
33.3%
COL
Wilin Rosario
27.2%
Quiz Playlist
Details
Report
Send in Message
Add To Playlist
Classic:
Type in answers that appear in a list
Last Updated: Feb 16, 2017
Quiz Scoreboard
CHALLENGE
Sign Up to Join the Scoreboard
Show All
Scores
Hide
Comments
May contain spoilers
Recently Published
1-10 Letter E Words III
by El_Dandy
Language
2m
Street Fighter Characters
by Artimus82
Gaming
60s
College Basketball Coaching Resumes
by pancakes188
Sports
9m
More to Explore
Quiz From the Vault
Featured Blog Post
Where Did the Easter Bunny Come From?
hide this ad
You Might Also Like...
Tags
Baseball Quiz
100
2013
Rankings
Today's Top Quizzes in Sports
Browse Sports
hide this ad
Today's Top Quizzes in Baseball
Browse Baseball
Top Contributed Quizzes in Sports
1
2022 World Cup Stars
2
Les meilleurs buteurs des matchs entre le PSG et l’OM
3
FIFA Club World Cup Champions
4
Les entraîneurs de l'OM et du PSG au 21e siècle
5
Criteria MLB: Left Handed Sluggers
6
2023 MLB Unique Player Accomplishments
7
AFC Teams Reveal (Wrong Answers Minefield)
8
Players with Multiple 50 Home Run Seasons
9
5-to-1: FBS Animal Nicknames
10
5-to-1: UK Sports Teams
Explore More
Trending Topics
Kpop
Marvel
Crossword
Disney
NBA
Harry Potter
Anime
Pokémon
Country
Soccer
WWE
Puzzle
NFL
The Office
Song
hide this ad
More By:
hypercompetitive
Quiz
Plays
Rating
Category
Featured
Created
Top 50 Outfielders according to MLB.com in 2013
506
3.25
Sports
Jul 25, 2013
MLB.com Preseason Rankings 2014 (Top 100)
328
4.75
Sports
Mar 21, 2014
Top 100 Players on MLB.com's 2017 Pre-Season List
292
5.00
Sports
Feb 10, 2017
Top 30 Catchers According to MLB.com Rankings
207
3.25
Sports
Jul 25, 2013
Top 50 Starting Pitchers according to MLB.com in 2013
195
2.20
Sports
Jul 27, 2013
Go to Creator's Profile
Score Distribution
Quiz Creator Spotlight
hypercompetitive
Follow
Send a Message
Quizzes Created
-
Created Quiz Play Count
-
More By This Creator
Popular Quizzes Today
1
Find the US States - No Outlines Minefield
2
Find the Countries of Europe - No Outlines Minefield
3
The Countries of the World
4
Find the US States
5
Risky Map Clicking: Biggest States A-Z
6
US States
7
Popular People in 1961
8
Movies - When Are They Set?
More Sports Quizzes
Every Premier League Goal Scorer for Tottenham
Quiz Lab
Trending Quizzes
Risky Map Clicking: Least Populous States A-Z
Billboard Blitz: Aretha Franklin
Famous Russians: Author or Composer?
1-10 Letter G Words
Countries of the World: 200 Million BC
Recently Updated
Leaping Animals
pecheneg
Reality TV Shows (A-Z)
bhenderson79
Rickey Henderson's Hall of Fame Teammates
pecheneg
Champions League XIs: Arsenal
pecheneg
Quick Pick: Celebrities in WWE's Hall of Fame
aduchscher
A-Z Keypad Blitz II
pecheneg
Multiple Oscar Actors
pecheneg
Mystery Phrase Blitz: Oscar 'Best Actors'
pecheneg
F. Scott Fitzgerald Novels
LTH
Pick 3 Villains
ddd62291
Trending Topics
Marvel
NBA
Harry Potter
Anime
Kpop
Disney
Crossword
Song
Country
WWE
The Office
NFL
Soccer
Pokémon
Puzzle
Your Account Isn't Verified!
In order to create a playlist on Sporcle, you need to verify the email address you used during registration. Go to your
Sporcle Settings
to finish the process.
Report this User
Report this user for behavior that violates our
Community Guidelines
.
Details:
Send Report
Go to the Sporcle.com Mobile Site →
Comments